| 000 | 00558nam a2200193Ia 4500 | ||
|---|---|---|---|
| 003 | GCL | ||
| 008 | 140319s9999 xx 000 0 ara d | ||
| 040 |
_aGCL / _cGCL |
||
| 082 | 0 | 4 |
_a111.85 _bل ف |
| 100 | 1 | _aلوفافر، هنرى | |
| 245 | 1 | 0 |
_aفى علم الجمال (هديه من الآديب عبدالفتاح الجمل) / _cلوفافر، هنرى |
| 700 | 1 | _aمحمد عيناتى | |
| 300 | _a141 | ||
| 490 | _a | ||
| 650 | 0 | 4 | _aالفلسفة |
| 650 | 0 | 4 | _aالاخلاق - علم |
| 650 | 0 | 4 | _aالجمال - علم |
| 942 |
_2ddc _cBK |
||
| 999 |
_c40978 _d40978 |
||